Loading...
| History - Other | 0 | 9 | 0 | 1 | 90 | 16 | 75.22 | 2 | 5 | 35.41 | 64.24 |
| Literature - European | 0 | 8 | 0 | 0 | 80 | 78 | 98.25 | 0 | 3 | 23.56 | 44.39 |
| History - World | 0 | 8 | 0 | 0 | 80 | 25 | 69.00 | 1 | 6 | 38.33 | 60.61 |
| History - European | 0 | 7 | 1 | 1 | 65 | 48 | 82.71 | 1 | 2 | 22.69 | 40.45 |
| History - American | 0 | 6 | 1 | 0 | 55 | 10 | 57.00 | 3 | 5 | 33.22 | 54.70 |
| Science - Other | 0 | 4 | 0 | 0 | 40 | 86 | 90.50 | 1 | 2 | 10.41 | 26.67 |
| Mythology | 0 | 4 | 0 | 2 | 40 | 54 | 104.75 | 0 | 1 | 8.48 | 14.24 |
| Science - Biology | 0 | 4 | 1 | 1 | 35 | 67 | 95.00 | 0 | 0 | 6.24 | 13.71 |
| Literature - American | 0 | 4 | 1 | 1 | 35 | 33 | 99.25 | 0 | 1 | 11.99 | 20.76 |
| Fine Arts - Classical Music | 0 | 3 | 0 | 0 | 30 | 54 | 99.67 | 1 | 1 | 5.86 | 16.67 |
| Literature - World | 0 | 4 | 2 | 0 | 30 | 46 | 80.00 | 1 | 3 | 16.09 | 23.56 |
| Fine Arts - Painting and Sculpture | 0 | 3 | 0 | 0 | 30 | 72 | 81.67 | 0 | 0 | 9.55 | 15.23 |
| Religion | 0 | 3 | 1 | 0 | 25 | 40 | 74.00 | 2 | 2 | 11.69 | 23.86 |
| Fine Arts - Other | 0 | 3 | 1 | 1 | 25 | 63 | 93.33 | 0 | 2 | 8.03 | 15.00 |
| Philosophy | 0 | 3 | 1 | 0 | 25 | 82 | 102.00 | 1 | 1 | 3.58 | 8.33 |
| Science - Physics | 0 | 2 | 0 | 0 | 20 | 80 | 89.50 | 0 | 0 | 4.48 | 7.65 |
| Other Academic | 0 | 2 | 0 | 0 | 20 | 65 | 68.50 | 0 | 2 | 21.75 | 43.56 |
| Social Science | 0 | 2 | 1 | 0 | 15 | 64 | 90.50 | 0 | 1 | 3.96 | 7.20 |
| Literature - British | 0 | 2 | 1 | 1 | 15 | 77 | 110.00 | 1 | 1 | 4.38 | 11.67 |
| Science - Chemistry | 0 | 1 | 0 | 0 | 10 | 104 | 104.00 | 0 | 0 | 1.54 | 5.83 |
| Current Events | 0 | 1 | 0 | 0 | 10 | 86 | 86.00 | 0 | 0 | 14.17 | 33.33 |